[Event "Turkish Cup 2017"]
[Site "masterchessopen.com Antalya TUR"]
[Date "2017.02.01"]
[Round "7.13"]
[White "Dalgar,Hakki Berat"]
[Black "Sevgi,V"]
[Result "1-0"]
[WhiteElo "2027"]
[BlackElo "2297"]

1. d4 Nf6 2. Bg5 d5 3. Bxf6 gxf6 4. c4 c6 5. e3 Be6 6. Ne2 dxc4 7. Nf4 Qd6 8.
Nc3 Nd7 9. Nxe6 Qxe6 10. d5 cxd5 11. Nxd5 Rc8 12. Rc1 Qa6 13. Bxc4 Qa5+ 14. b4
Qd8 15. Bb5 Bg7 16. Nxf6+ exf6 17. Qxd7+ Qxd7 18. Rxc8+ Ke7 19. Bxd7 {#r} 1-0

[Event "PRO League Atlantic 2017"]
[Site "masterchessopen.com chess.com INT"]
[Date "2017.02.01"]
[Round "4"]
[White "Wang,Tianqi"]
[Black "Hansen,Eric"]
[Result "0-1"]
[WhiteElo "2199"]
[BlackElo "2603"]

1. d4 Nf6 2. Bf4 g6 3. e3 Bg7 4. h3 O-O 5. Nd2 d6 6. c3 b6 7. Ngf3 Bb7 8. Be2
c5 9. a4 a6 10. O-O Nbd7 11. Bh2 Rc8 12. Re1 Rc7 13. Bf1 Qa8 14. Qb3 h6 15.
Qa3 Ne4 16. Nxe4 Bxe4 17. Nd2 Bb7 18. Rec1 Rfc8 19. b4 Nf6 20. bxc5 bxc5 21.
Nc4 Qa7 22. a5 Nd7 23. Qb2 Be4 24. Nb6 Rb8 25. Qa2 Nxb6 26. axb6 Rxb6 27. Bc4
e6 28. Bxe6 Qb7 29. f3 Bxf3 30. gxf3 fxe6 31. Qxe6+ Kh7 32. Qg4 Rf7 33. Rf1
Rb3 34. Bxd6 cxd4 35. cxd4 Rxe3 36. Ra3 h5 37. Qg2 Bxd4 38. Rxe3 Bxe3+ 39. Kh1
Qd5 40. Bh2 a5 41. Qe2 Bh6 42. Kg1 Bg7 43. Bg3 a4 44. Kh2 a3 45. Rf2 Rb7 {#R}
0-1

[Event "PRO League Central 2017"]
[Site "masterchessopen.com chess.com INT"]
[Date "2017.02.01"]
[Round "4"]
[White "Agrest,E"]
[Black "Ajibowo,Olamide Patrick"]
[Result "1-0"]
[WhiteElo "2593"]
[BlackElo "2107"]

1. d4 Nf6 2. Bf4 d6 3. e3 g6 4. h3 Bg7 5. Nf3 c5 6. Nc3 cxd4 7. exd4 O-O 8.
Bc4 a6 9. a4 Re8 10. O-O Nc6 11. Re1 d5 12. Ba2 h6 13. Ne5 Be6 14. Nxc6 bxc6
15. b4 Qb6 16. Rb1 Rad8 17. a5 Qa7 18. Na4 Ne4 19. c3 g5 20. Bh2 Bf5 21. Rc1
Bg6 22. f3 Nf6 23. Kh1 Nd7 24. Bb1 Bxb1 25. Rxb1 e5 26. dxe5 Bxe5 27. Bxe5
Nxe5 28. Nc5 Nc4 29. Qd3 Nxa5 30. Qf5 Nc4 31. Qf6 Qc7 {#r} 1-0

[Event "PRO League Central 2017"]
[Site "masterchessopen.com chess.com INT"]
[Date "2017.02.01"]
[Round "4"]
[White "Agrest,E"]
[Black "Bomo,K"]
[Result "1-0"]
[WhiteElo "2593"]
[BlackElo "2339"]

1. d4 Nf6 2. Bf4 e6 3. e3 d5 4. Nd2 Be7 5. Ngf3 Nh5 6. Be5 Nd7 7. h3 Nxe5 8.
dxe5 g6 9. Bd3 f5 10. Qe2 c5 11. c3 Bd7 12. Bb5 Bxb5 13. Qxb5+ Qd7 14. a4 Qxb5
15. axb5 Kd7 16. Ke2 Kc7 17. Rhb1 Kb6 18. b4 cxb4 19. cxb4 Ng7 20. Nd4 Rhc8
21. Ra4 Rc7 22. Rba1 Rac8 23. N2b3 Rc4 24. Rxa7 Rxb4 25. Ra8 Rc3 26. Rg8 Nh5
27. Re8 Rc7 28. Rc1 Rbc4 29. Nxe6 Rxc1 30. Nxc1 Rxc1 31. Rxe7 Rc2+ 32. Kf3 f4
33. Nd4 Rc3 34. Rxh7 fxe3 35. fxe3 Rc7 36. Rh6 Rf7+ 37. Kg4 Rg7 38. Nf5 Rg8
39. Ne7 Rg7 40. Nxg6 Kxb5 41. Kxh5 Kc4 42. e6 b5 43. e7 {#r} 1-0

[Event "PRO League Eastern 2017"]
[Site "masterchessopen.com chess.com INT"]
[Date "2017.02.01"]
[Round "4"]
[White "Van der Lende,I"]
[Black "Anwesh,U"]
[Result "0-1"]
[WhiteElo "2315"]
[BlackElo "2384"]

1. d4 d5 2. Nf3 Nf6 3. g3 Bf5 4. Bg2 e6 5. O-O h6 6. Nbd2 Be7 7. b3 O-O 8. Bb2
a5 9. a3 a4 10. b4 Nbd7 11. c4 c6 12. c5 Ne4 13. Nxe4 Bxe4 14. Ne5 Bxg2 15.
Kxg2 Nxe5 16. dxe5 b6 17. cxb6 Qxb6 18. Bd4 c5 19. bxc5 Bxc5 20. Rb1 Qa7 21.
Bxc5 Qxc5 22. Rb4 Qc3 23. Rxa4 Qxe5 24. Rxa8 Rxa8 25. Qd3 g6 26. Rb1 Rxa3 27.
Qxa3 Qe4+ 28. Qf3 Qxb1 29. h4 Qe4 30. Qxe4 dxe4 31. g4 g5 32. hxg5 hxg5 33.
Kf1 Kg7 34. Ke1 Kf6 35. Kd2 Ke5 36. e3 f5 37. Kc3 fxg4 38. Kc4 Kf5 39. Kd4 g3
40. fxg3 Kg4 41. Kxe4 Kxg3 42. Ke5 Kf3 43. Kxe6 g4 44. Kf5 g3 45. e4 g2 46. e5
g1=Q 47. Kf6 Qd4 48. Kf5 Qf4+ {#R} 0-1

[Event "PRO League Eastern 2017"]
[Site "masterchessopen.com chess.com INT"]
[Date "2017.02.01"]
[Round "4"]
[White "Gorozhanin,M"]
[Black "Tari,A"]
[Result "0-1"]
[WhiteElo "2408"]
[BlackElo "2584"]

1. d4 Nf6 2. Bf4 d5 3. e3 c5 4. c3 Nc6 5. Nd2 g6 6. Ngf3 Bg7 7. dxc5 Nh5 8.
Bg5 h6 9. Bh4 g5 10. Nd4 gxh4 11. Qxh5 e6 12. Bb5 Bd7 13. Bxc6 bxc6 14. f4 e5
15. Nf5 Bxf5 16. Qxf5 Qe7 17. fxe5 Qxc5 18. O-O O-O 19. Nf3 Rae8 20. Rae1 Qc4
21. e4 Qxa2 22. exd5 cxd5 23. Rf2 Rb8 24. Qc2 Qc4 25. Nd4 Rb6 26. Qf5 Qc7 27.
Qh5 Rxb2 28. Rf3 Qe7 29. Nf5 Qg5 30. Qxg5 hxg5 31. Ne7+ Kh7 32. Nxd5 Rd2 33.
Nf6+ Kg6 34. Ref1 Rb8 35. Ne4 Re2 36. Nf2 Rbb2 37. Kh1 a5 38. h3 a4 39. g3 a3
40. gxh4 a2 41. h5+ Kxh5 42. Ne4 Rh2+ 43. Kg1 Rbg2# 0-1

[Event "PRO League Eastern 2017"]
[Site "masterchessopen.com chess.com INT"]
[Date "2017.02.01"]
[Round "4"]
[White "Dhulipalla,Bala Chandra Prasad"]
[Black "Reimanis,R"]
[Result "1-0"]
[WhiteElo "2353"]
[BlackElo "2264"]

1. d4 Nf6 2. Bf4 e6 3. e3 d5 4. Nd2 Bd6 5. Bg3 O-O 6. Bd3 c5 7. c3 b6 8. Ngf3
Ba6 9. Bxa6 Nxa6 10. Qe2 Nb8 11. Ne5 Qc7 12. f4 Nc6 13. O-O Nd7 14. Qb5 Ndb8
15. Rad1 f6 16. Nef3 a6 17. Qe2 f5 18. c4 Nd7 19. Rc1 Nf6 20. Rfd1 Rae8 21.
Ne5 Nb8 22. Bh4 Qb7 23. Ndf3 Ne4 24. Qd3 cxd4 25. exd4 Nc6 26. a3 Nxe5 27.
fxe5 Be7 28. Be1 Rd8 29. b4 dxc4 30. Qxc4 Rd5 31. Qc6 Qxc6 32. Rxc6 Kf7 33.
Rxb6 g5 34. Rd3 g4 35. Nd2 Bg5 36. Rxa6 Rfd8 37. Nb3 Rxe5 38. Ra7+ Kg6 39. Kf1
Red5 40. Ra6 Kf7 41. Ra7+ Kg6 42. a4 e5 43. a5 exd4 44. Rb7 Ra8 45. b5 Nc5 46.
Rb6+ Kf7 47. Rxd4 Rxd4 48. Nxd4 Be3 49. Nxf5 Nd3 50. Nxe3 {#r} 1-0

[Event "PRO League Pacific 2017"]
[Site "masterchessopen.com chess.com INT"]
[Date "2017.02.01"]
[Round "4"]
[White "Coleman,T"]
[Black "Sargissian,G"]
[Result "0-1"]
[WhiteElo "2385"]
[BlackElo "2667"]

1. d4 Nf6 2. Bg5 d5 3. Nd2 c6 4. e3 Qb6 5. Bxf6 exf6 6. Rb1 Be6 7. Bd3 Bd6 8.
Ngf3 O-O 9. O-O Nd7 10. c4 Qd8 11. Qc2 g6 12. b4 dxc4 13. Nxc4 Bc7 14. e4 Nb6
15. b5 cxb5 16. Rxb5 Rc8 17. d5 Bd7 18. Rbb1 Nxc4 19. Bxc4 b5 20. Bd3 Bxh2+
21. Nxh2 Rxc2 22. Bxc2 Qe7 23. Nf3 Rc8 24. Bd3 a6 25. Rb3 Qd6 26. Rd1 Rc5 27.
Bb1 Qc7 28. Rbd3 Qd6 29. R3d2 b4 30. Rd4 a5 31. Ne1 Bb5 32. Nd3 Rc3 33. g3 Qb6
34. Nf4 Qd6 35. Kg2 h5 36. Ne2 {#R} 0-1

[Event "Dutch League 2016-17"]
[Site "masterchessopen.com Netherlands NED"]
[Date "2017.02.04"]
[Round "6.8"]
[White "Van de Griendt,JW"]
[Black "Warmerdam,Max"]
[Result "1-0"]
[WhiteElo "2362"]
[BlackElo "2383"]

1. d4 Nf6 2. Bg5 Ne4 3. Bf4 c5 4. f3 Nf6 5. d5 Nh5 6. Be3 d6 7. Bf2 g6 8. Nc3
Bg7 9. Qd2 O-O 10. e4 Nd7 11. g4 Nhf6 12. h3 a6 13. a4 Rb8 14. Be2 Qa5 15. Ra3
Qc7 16. Kf1 c4 17. Kg2 Nc5 18. b4 cxb3 19. cxb3 e6 20. b4 Ncd7 21. dxe6 fxe6
22. Qa2 d5 23. Bg3 Ne5 24. exd5 Nxd5 25. Nxd5 exd5 26. Qxd5+ Kh8 27. Re3 Re8
28. h4 Bd7 29. h5 Bc6 30. Qb3 Qd7 31. hxg6 Nxg6 32. Bxb8 Rxb8 33. Kf1 Qd2 34.
Qd3 Qc1+ 35. Kf2 Nf8 36. Kg2 Qb2 37. b5 axb5 38. axb5 Be8 39. Nh3 Ng6 40. Rb1
Qf6 41. Rd1 Ra8 42. Qd6 Qb2 43. Qd5 Rb8 44. Re4 Ne5 45. Qd4 Qa2 46. Rxe5 {#r}
1-0

[Event "Gibraltar Masters 2017"]
[Site "masterchessopen.com Caleta ENG"]
[Date "2017.01.30"]
[Round "7.46"]
[White "Godart,F"]
[Black "Santos Ruiz,Miguel"]
[Result "0-1"]
[WhiteElo "2381"]
[BlackElo "2484"]

1. d4 Nf6 2. Nf3 e6 3. Nbd2 c5 4. e3 b6 5. Bd3 Bb7 6. O-O d5 7. b3 Be7 8. Bb2
O-O 9. Ne5 Nbd7 10. f4 Ne4 11. Nxe4 dxe4 12. Bc4 Nf6 13. f5 exf5 14. Rxf5 cxd4
15. Bxd4 Bc5 16. Bxc5 bxc5 17. Qf1 Bc8 18. Rg5 h6 19. Rg3 Be6 20. Rd1 Bxc4 21.
Nxc4 Qe7 22. Nd6 Qe5 23. Nf5 g6 24. Nxh6+ Kg7 25. Nf5+ Kh7 26. Rh3+ Kg8 27.
Nh6+ Kg7 {#R} 0-1

[Event "PRO League Pacific 2017"]
[Site "masterchessopen.com chess.com INT"]
[Date "2017.02.01"]
[Round "4"]
[White "Ashwin,J"]
[Black "Heimann,Al"]
[Result "1-0"]
[WhiteElo "2490"]
[BlackElo "2271"]

1. d4 Nf6 2. Nf3 e6 3. Bf4 b6 4. e3 Bb7 5. Nbd2 Be7 6. h3 c5 7. Bd3 Nc6 8. c3
Rc8 9. O-O d5 10. Bh2 O-O 11. Qe2 Bd6 12. Ne5 Nd7 13. f4 f5 14. g4 g6 15. Rf2
Nf6 16. Rg2 Kh8 17. Ndf3 Ne4 18. Kh1 Nxe5 19. Nxe5 Bxe5 20. fxe5 fxg4 21. hxg4
Qh4 22. Kg1 Ng5 23. Rf1 Kg7 24. Rf6 Nh3+ 25. Kh1 Rxf6 26. exf6+ Kxf6 27. Bg3
Qh6 28. Rh2 cxd4 29. Qf1+ Kg7 30. Be5+ Kg8 31. Rxh3 {#r} 1-0

[Event "Gibraltar Masters 2017"]
[Site "masterchessopen.com Caleta ENG"]
[Date "2017.02.01"]
[Round "9.56"]
[White "Mastrovasilis,A"]
[Black "Papp,Petra"]
[Result "1-0"]
[WhiteElo "2551"]
[BlackElo "2352"]

1. d4 Nf6 2. Nf3 g6 3. Bg5 Bg7 4. Nbd2 O-O 5. e3 d5 6. Be2 Nbd7 7. O-O c5 8.
c3 b6 9. a4 Bb7 10. a5 h6 11. Bh4 Ne4 12. a6 Bc6 13. Nxe4 dxe4 14. d5 exf3 15.
gxf3 Bxd5 16. Qxd5 Nf6 17. Qxd8 Raxd8 18. Rfd1 g5 19. Bg3 Nd5 20. Bc4 e6 21.
Rd3 h5 22. h3 h4 23. Bh2 Nf6 24. Bd6 Rfe8 25. Rad1 Bf8 26. Bc7 Rxd3 27. Rxd3
Be7 28. f4 g4 29. hxg4 Nxg4 30. Bb5 Rc8 31. Rd7 Bf6 32. Bxb6 axb6 33. a7 Ra8
34. Bc6 Rxa7 35. Rxa7 h3 36. Bf3 h2+ 37. Kg2 h1=Q+ 38. Kxh1 Nxf2+ 39. Kg2 Nd3
40. Ra2 Bh4 41. Be4 c4 42. Bxd3 cxd3 43. Ra1 e5 44. fxe5 {#r} 1-0

[Event "Portugal Open 2017"]
[Site "masterchessopen.com Lisbon POR"]
[Date "2017.02.04"]
[Round "2.27"]
[White "Carrasco Martinez,J"]
[Black "Veiga,Jose Francisco R P Neves"]
[Result "1-0"]
[WhiteElo "2352"]
[BlackElo "2069"]

1. d4 Nf6 2. Nf3 g6 3. c3 Bg7 4. Bg5 O-O 5. Nbd2 b6 6. e4 Bb7 7. Bd3 d6 8. O-O
Nbd7 9. Qc2 e5 10. dxe5 Nxe5 11. Nxe5 dxe5 12. Nc4 Qe7 13. b4 h6 14. Bh4 g5
15. Bg3 Nh5 16. Rfd1 Rad8 17. Ne3 Nf4 18. Bf1 Kh8 19. f3 Bc8 20. Rxd8 Rxd8 21.
Rd1 Be6 22. a3 c5 23. Rxd8+ Qxd8 24. b5 Qd7 25. Bf2 Bf8 26. a4 Be7 27. Bc4
Bxc4 28. Nxc4 Qe6 29. Ne3 c4 30. Nf5 Nd3 31. Be3 Bc5 32. Bxc5 Nxc5 33. Qd2 Nd3
34. h4 Qf6 35. Qa2 Qe6 36. Qa3 Nc5 37. a5 Kh7 38. Kh2 gxh4 39. axb6 axb6 40.
Qa8 Nd7 41. Qd8 f6 42. Qc7 h5 43. Nxh4 Kh6 44. Nf5+ Kh7 45. Nd6 Kh6 46. Nxc4
f5 47. Qc6 Nc5 48. exf5 {#r} 1-0

[Event "Portugal Open 2017"]
[Site "masterchessopen.com Lisbon POR"]
[Date "2017.02.05"]
[Round "4.12"]
[White "Fernandes,Ant"]
[Black "Dantas,C"]
[Result "1-0"]
[WhiteElo "2463"]
[BlackElo "2159"]

1. d4 Nf6 2. Nf3 g6 3. Bf4 d5 4. e3 Bg7 5. h3 O-O 6. Be2 c5 7. c3 cxd4 8. exd4
Nc6 9. Nbd2 Re8 10. O-O Nd7 11. Re1 h6 12. Nf1 Nf8 13. Ne3 g5 14. Bh2 Ng6 15.
Bd3 e6 16. Bxg6 fxg6 17. Ng4 Rf8 18. Qd3 Kh7 19. Re2 a6 20. Rae1 Rf5 21. Be5
Bf8 22. g3 Be7 23. Kg2 Bd7 24. b3 b5 25. Nd2 Rc8 26. b4 a5 27. a3 a4 28. f4
Qf8 29. Nf3 Qg8 30. fxg5 hxg5 31. Rh1 Rcf8 32. h4 Nxe5 33. Nfxe5 Be8 34. hxg5+
Kg7 35. Nh6 Qh7 36. Nxf5+ gxf5 37. Rxh7+ Kxh7 38. g6+ Kg7 39. Re1 Bg5 40. Rh1
Bh6 41. Qe2 {#r} 1-0

[Event "Portugal Open 2017"]
[Site "masterchessopen.com Lisbon POR"]
[Date "2017.02.05"]
[Round "4.19"]
[White "Carrasco Martinez,J"]
[Black "Borensztajn,D"]
[Result "1-0"]
[WhiteElo "2352"]
[BlackElo "2113"]

1. d4 Nf6 2. Nf3 g6 3. c3 Bg7 4. Bg5 Ne4 5. Bh4 b6 6. e3 Bb7 7. Bd3 O-O 8. O-O
d5 9. Nbd2 Nd7 10. Qe2 a5 11. Rfd1 Qe8 12. Rac1 e5 13. Nxe5 Nxe5 14. dxe5 Nxd2
15. Rxd2 Bxe5 16. a3 c5 17. Bb5 Qe6 18. Rcd1 Kg7 19. c4 d4 20. exd4 Bxd4 21.
Qxe6 fxe6 22. Bg3 e5 23. Re1 Kf6 24. Rde2 Rfe8 25. Bxe8 Rxe8 26. Bf4 Ba6 27.
Rc2 Bc8 28. Be3 Bf5 29. Rd2 Rd8 30. Bxd4 Rxd4 31. Rxd4 cxd4 32. f3 Bc2 33. Kf2
Bd3 34. Rc1 Ke6 35. b4 axb4 36. axb4 Kd6 37. c5+ bxc5 38. Rxc5 e4 39. fxe4
Bxe4 40. g3 h5 41. Ke2 Bf5 42. Rxf5 gxf5 43. Kd3 Kd5 44. h4 Ke5 45. b5 {#r}
1-0

[Event "4th Floripa Masters 2017"]
[Site "masterchessopen.com Florianopolis BRA"]
[Date "2017.01.29"]
[Round "5.2"]
[White "Umetsubo,C"]
[Black "Molina,Rob"]
[Result "0-1"]
[WhiteElo "2407"]
[BlackElo "2440"]

1. d4 Nf6 2. Bf4 g6 3. Nf3 Bg7 4. e3 O-O 5. Be2 c5 6. Nbd2 b6 7. c3 d6 8. h3
Bb7 9. O-O Nbd7 10. a4 a6 11. Qb3 Qc7 12. Rfd1 Bc6 13. c4 e5 14. Bh2 Rae8 15.
d5 Bb7 16. e4 a5 17. Rf1 h6 18. Qc2 Nh7 19. Bd3 Bc8 20. g4 h5 21. gxh5 Ndf6
22. hxg6 fxg6 23. Nh4 Qf7 24. f4 Bxh3 25. Rf3 Bg4 26. fxe5 dxe5 27. Rg3 Bh6
28. Rf1 Bf4 29. Rg2 Ng5 30. Be2 Bxe2 31. Rxe2 Qh7 32. Ndf3 Ng4 33. Bxf4 Nh3+
34. Kh1 Rxf4 35. Kg2 Ref8 36. Rh1 Nhf2 {#R} 0-1

[Event "22nd HIT Open 2017"]
[Site "masterchessopen.com Nova Gorica SLO"]
[Date "2017.01.29"]
[Round "5.2"]
[White "Burmakin,V"]
[Black "Kozul,Z"]
[Result "0-1"]
[WhiteElo "2526"]
[BlackElo "2616"]

1. d4 Nf6 2. Nf3 g6 3. Bf4 Bg7 4. e3 d6 5. Be2 O-O 6. O-O c5 7. c3 b6 8. a4
Nbd7 9. h3 Bb7 10. Bh2 a6 11. Qb3 Rc8 12. Rd1 Qc7 13. Na3 Qb8 14. c4 cxd4 15.
exd4 e5 16. Nc2 a5 17. Qa3 Rfe8 18. b4 Qa8 19. Ne3 Ne4 20. Rab1 axb4 21. Qxb4
Bc6 22. Ra1 Qa5 23. Qxa5 bxa5 24. Ra3 Rb8 25. d5 Bb7 26. c5 Nexc5 27. Bb5 Ra8
28. Nc4 Bf8 29. Ne1 Reb8 30. Nd3 Nxd3 31. Raxd3 Ba6 32. Bxd7 Bxc4 33. Rc3 Rb4
34. Bc6 Rab8 35. Bg3 Bh6 36. Bh4 Bb3 37. Rb1 Bxa4 38. Ra1 Rxh4 39. Bxa4 Rhb4
40. Bc6 Rb2 41. Rca3 Bd2 42. Ra4 Bb4 43. Kf1 {#R} 0-1

[Event "Turkish Cup 2017"]
[Site "masterchessopen.com Antalya TUR"]
[Date "2017.02.02"]
[Round "9.20"]
[White "Uzuner,TC"]
[Black "Agdelen,Huseyin Can"]
[Result "0-1"]
[WhiteElo "2069"]
[BlackElo "2354"]

1. d4 Nf6 2. Nf3 g6 3. Bg5 Bg7 4. Nbd2 d5 5. e3 O-O 6. b4 b6 7. b5 Bb7 8. Be2
c5 9. bxc6 Nxc6 10. O-O Rc8 11. Rc1 Nb4 12. Bxf6 Bxf6 13. Bd3 Nxa2 14. Ra1 Nc3
15. Qe1 a5 16. Nb1 Ne4 17. Na3 e6 18. Qb1 Nc3 19. Qb3 Be7 20. Nb5 Bb4 21. Nxc3
Rxc3 22. Qb1 Qe7 23. Qd1 Rfc8 24. Ra2 Bc6 25. Ne5 Be8 26. f4 f6 27. Ng4 Ba3
28. Qf3 b5 29. f5 exf5 30. Bxf5 gxf5 31. Nh6+ Kh8 32. Nxf5 Qe4 33. Qg3 Bg6 34.
Nd6 Bxd6 35. Qxd6 R3c6 {#R} 0-1

[Event "PRO League Atlantic 2017"]
[Site "masterchessopen.com chess.com INT"]
[Date "2017.02.01"]
[Round "4"]
[White "Barbosa,O PHI"]
[Black "Aguilar,A"]
[Result "1-0"]
[WhiteElo "2518"]
[BlackElo "2291"]

1. d4 Nf6 2. Nf3 g6 3. Bg5 Bg7 4. Nbd2 O-O 5. c3 d6 6. e4 c5 7. dxc5 dxc5 8.
Bc4 Nc6 9. Qe2 h6 10. Bxf6 exf6 11. O-O Re8 12. Bd5 Qxd5 13. exd5 Rxe2 14.
dxc6 b6 15. b4 Be6 16. bxc5 bxc5 17. Nb3 Rc8 18. Nxc5 f5 19. Nb3 Rc2 20. Rac1
Rxc1 21. Rxc1 Rxc6 22. Nfd4 Ra6 23. Nxe6 fxe6 24. Rc2 Rc6 25. c4 Kf7 26. f3 g5
27. g4 Bf8 28. Kf2 Bc5+ 29. Ke2 Bd6 30. Kd3 Kf6 31. c5 Be7 32. Kc4 a6 33. Rd2
Rc7 34. h3 h5 35. gxh5 Kg7 36. a4 Kh6 37. Re2 Rc6 38. Re5 Bf6 39. Nd4 Bxe5 40.
Nxc6 Bc7 41. Nd4 Kxh5 42. Nxe6 Bg3 43. c6 Kh4 44. f4 {#r} 1-0

[Event "PRO League Eastern 2017"]
[Site "masterchessopen.com chess.com INT"]
[Date "2017.02.01"]
[Round "4"]
[White "Yatzenko,A"]
[Black "Kaasen,Tor Fredrik"]
[Result "1-0"]
[WhiteElo "2361"]
[BlackElo "2468"]

1. d4 Nf6 2. Nf3 g6 3. Bg5 Bg7 4. Nbd2 O-O 5. c3 d6 6. e4 c5 7. dxc5 dxc5 8.
Be2 Nc6 9. O-O Qc7 10. Qc2 Rd8 11. Rfe1 Ng4 12. Bh4 Nge5 13. Bg3 Nxf3+ 14.
Nxf3 Ne5 15. Nd2 b6 16. Nc4 Be6 17. Ne3 Qb7 18. f4 Nc6 19. Bf3 f6 20. Nd5 Bf7
21. h4 e6 22. Ne3 Rac8 23. Qe2 Rd7 24. e5 fxe5 25. fxe5 Qc7 26. Ng4 Rcd8 27.
Bf4 Kh8 28. Bg5 Rf8 29. Nf6 Rdd8 30. Qe4 Ne7 31. h5 h6 32. Bf4 Nd5 33. Bh2 Qe7
34. hxg6 Bxf6 35. exf6 Nxf6 36. Qh4 Bxg6 37. Qxh6+ Bh7 38. Re5 Qg7 39. Qh4 Rd2
40. Rxe6 Ne4 41. Rxe4 Rxf3 42. Rg4 Qf7 43. Be5+ {#r} 1-0

[Event "TCh-HUN 2016-17"]
[Site "masterchessopen.com Hungary HUN"]
[Date "2017.01.29"]
[Round "5.10"]
[White "Galyas,M"]
[Black "Gara,A"]
[Result "1-0"]
[WhiteElo "2467"]
[BlackElo "2349"]

1. d4 Nf6 2. Nf3 g6 3. Bf4 d6 4. e3 Bg7 5. Be2 O-O 6. O-O c5 7. c3 b6 8. h3
Bb7 9. Nbd2 Nbd7 10. Bh2 Qc7 11. a4 a6 12. Re1 Rac8 13. Bd3 Rfe8 14. Qe2 e5
15. dxe5 dxe5 16. Bxa6 Bxa6 17. Qxa6 Qc6 18. Nc4 Nd5 19. Qb5 e4 20. Qxc6 Rxc6
21. Red1 N7f6 22. Nfe5 Rce6 23. Nd7 Rc6 24. Nxf6+ Nxf6 25. Rd6 Rxd6 26. Bxd6
Nd7 27. Bc7 Be5 28. Nxe5 Nxe5 29. Bxb6 c4 30. a5 Ra8 31. a6 Kf8 32. a7 Ke7 33.
Bd4 Nc6 34. Ra4 Kd7 35. Rxc4 f5 36. Ra4 Kc7 37. g4 Kb7 38. Kg2 h5 39. Kg3 hxg4
40. hxg4 fxg4 41. Kxg4 Rf8 42. a8=Q+ Rxa8 43. Rxa8 Kxa8 44. Kf4 {#r} 1-0

[Event "13th Moscow Open A 2017"]
[Site "masterchessopen.com Moscow RUS"]
[Date "2017.02.04"]
[Round "8.11"]
[White "Predke,A"]
[Black "Atabayev,Y"]
[Result "1-0"]
[WhiteElo "2573"]
[BlackElo "2475"]

1. d4 Nf6 2. Nf3 g6 3. g3 Bg7 4. Bg2 O-O 5. O-O d6 6. b3 c6 7. c4 Bg4 8. Bb2
Bxf3 9. Bxf3 Qc7 10. Nc3 e5 11. d5 c5 12. Qc2 a6 13. e4 Bh6 14. Bg2 Nh5 15.
Bh3 Nd7 16. a4 Ng7 17. Qd3 f5 18. exf5 Nxf5 19. Ne4 a5 20. f4 Rae8 21. g4 exf4
22. gxf5 gxf5 23. Qc3 Re5 24. Nf2 Rf6 25. Kh1 Re3 26. Rg1+ Kf8 27. Qc2 Ne5 28.
Bxf5 Qf7 29. Be6 Rxe6 30. dxe6 Qh5 31. Bxe5 {#r} 1-0

[Event "Portugal Open 2017"]
[Site "masterchessopen.com Lisbon POR"]
[Date "2017.02.05"]
[Round "4.13"]
[White "Annaberdiev,M"]
[Black "Dias,I"]
[Result "1-0"]
[WhiteElo "2435"]
[BlackElo "2154"]

1. Nf3 Nf6 2. g3 g6 3. Bg2 Bg7 4. d4 O-O 5. O-O d6 6. a4 c5 7. d5 b6 8. Nc3
Na6 9. e4 Nc7 10. h3 Bb7 11. Nd2 a6 12. Nc4 Nd7 13. Bg5 Qe8 14. Qd2 Rb8 15.
Bh6 b5 16. Bxg7 Kxg7 17. Na5 Ba8 18. axb5 axb5 19. f4 Nb6 20. f5 Nd7 21. Nc6
Bxc6 22. dxc6 Ne5 23. Nd5 Qd8 24. Ra7 Rc8 25. Nxe7 Ra8 26. f6+ Kh8 27. Qh6 Ne6
28. c7 {#r} 1-0

[Event "PRO League Atlantic 2017"]
[Site "masterchessopen.com chess.com INT"]
[Date "2017.02.01"]
[Round "4"]
[White "Cremisi,Daniel Josef"]
[Black "Hansen,Eric"]
[Result "0-1"]
[WhiteElo "2148"]
[BlackElo "2603"]

1. d4 Nf6 2. Nf3 g6 3. g3 b6 4. Bg2 Bb7 5. O-O Bg7 6. b3 c5 7. Bb2 cxd4 8.
Nxd4 Bxg2 9. Kxg2 O-O 10. c4 Qc7 11. Nc3 d6 12. Qd3 Qb7+ 13. Qf3 Qxf3+ 14.
Nxf3 Rc8 15. Rfd1 Nbd7 16. Rab1 a6 17. Nd5 Nxd5 18. Rxd5 Nf6 19. Rd3 b5 20.
Nd2 Rab8 21. Rc1 Rc6 22. cxb5 Rxc1 23. Bxc1 axb5 24. a4 Nd7 25. Ne4 f5 26. Nc3
Nc5 27. Nxb5 Nxd3 28. exd3 Kf7 29. Kf3 Ke6 30. Ke2 Kd7 31. Kd1 h5 32. Be3 h4
33. gxh4 Bf6 34. h5 g5 35. Ke2 Kc6 36. f4 gxf4 37. Bxf4 Rh8 38. h6 e5 39. Bd2
f4 40. Kf3 Rxh6 41. Kg2 Rg6+ 42. Kf1 Bd8 43. Be1 Rh6 44. Kg2 Bb6 45. Nc3 Rg6+
46. Kf3 Rg1 47. Bd2 Rf1+ 48. Kg2 Rf2+ {#R} 0-1

[Event "PRO League Central 2017"]
[Site "masterchessopen.com chess.com INT"]
[Date "2017.02.01"]
[Round "4"]
[White "Meier,Geo"]
[Black "Makaj,M"]
[Result "1-0"]
[WhiteElo "2630"]
[BlackElo "2332"]

1. Nf3 g6 2. g3 Bg7 3. d4 Nf6 4. Bg2 O-O 5. O-O d6 6. b3 c5 7. c4 Nc6 8. Bb2
cxd4 9. Nxd4 Bd7 10. Nc2 Qa5 11. Nc3 Qh5 12. e4 Bg4 13. f3 Bh3 14. Qd2 Rac8
15. Ne3 Bxg2 16. Kxg2 Qc5 17. Rfd1 Rfe8 18. Rac1 Qa5 19. a3 a6 20. b4 Qg5 21.
Qf2 h5 22. Ncd5 Nxd5 23. Nxd5 Bxb2 24. Qxb2 Qe5 25. Qc3 Qxc3 26. Rxc3 Ne5 27.
Rdc1 Kg7 28. f4 Nc6 29. Rd1 e5 30. Nb6 Rcd8 31. Kf3 f5 32. exf5 Nd4+ 33. Kf2
gxf5 34. c5 dxc5 35. Rxc5 e4 36. Nc4 e3+ 37. Nxe3 Rxe3 38. Kxe3 Nc2+ 39. Ke2
Nd4+ 40. Kf2 {#r} 1-0

[Event "13th Moscow Open A 2017"]
[Site "masterchessopen.com Moscow RUS"]
[Date "2017.02.01"]
[Round "5.4"]
[White "Naumkin,I"]
[Black "Rozum,I"]
[Result "0-1"]
[WhiteElo "2437"]
[BlackElo "2601"]

1. d4 Nf6 2. c4 b6 3. Nf3 Bb7 4. g3 c5 5. d5 b5 6. Bg2 d6 7. O-O bxc4 8. Nc3
Nbd7 9. e4 g6 10. Bf4 Nb6 11. Qd2 Bg7 12. Rad1 O-O 13. Bh6 Re8 14. Bxg7 Kxg7
15. Rfe1 Qc7 16. Nh4 Rad8 17. Qg5 Bc8 18. h3 a6 19. Re2 e6 20. dxe6 Bxe6 21.
Red2 h6 22. Qf4 g5 23. Nf5+ Kg6 24. Qf3 d5 25. Nxh6 dxe4 26. Qe3 Rxd2 27. Rxd2
Kxh6 28. h4 Qe5 29. Nxe4 Nxe4 30. Bxe4 Kg7 31. f4 gxf4 32. gxf4 Qh5 33. Rg2+
Bg4 34. Qf3 f5 35. Bxf5 Qxf5 36. Rxg4+ Kf8 37. Rg5 Qb1+ 38. Kh2 Qxb2+ 39. Kh3
Qb1 40. Qf2 Qd3+ 41. Rg3 Qf5+ 42. Kh2 Nd7 43. Qb2 Nf6 {#R} 0-1

[Event "Portugal Open 2017"]
[Site "masterchessopen.com Lisbon POR"]
[Date "2017.02.04"]
[Round "2.2"]
[White "Gavrish,L"]
[Black "Iturrizaga,E"]
[Result "0-1"]
[WhiteElo "2212"]
[BlackElo "2652"]

1. d4 Nf6 2. c4 b6 3. Nc3 Bb7 4. f3 Nc6 5. d5 Ne5 6. e4 e6 7. f4 Ng6 8. e5 Ng8
9. Nf3 Bb4 10. Bd3 Nh6 11. O-O O-O 12. Ng5 f6 13. exf6 Qxf6 14. Nce4 Qd4+ 15.
Kh1 b5 16. Nf3 Qb6 17. a3 Be7 18. c5 Bxc5 19. dxe6 dxe6 20. Qc2 Be7 21. Nc3 a6
22. Bxg6 hxg6 23. Ne5 Rf5 24. Nxg6 Bf6 25. Ne4 Rd8 26. Nxf6+ Rxf6 27. Ne7+ Kf7
28. f5 Kxe7 29. Bg5 Nxf5 30. Rae1 Kf7 31. Bxf6 Kxf6 32. Qc3+ Kf7 33. Qe5 Qd6
34. Qe2 Rh8 35. Qe5 Rh5 36. Qxd6 cxd6 37. Kg1 Rg5 38. g3 Ke7 39. Rf4 Kd7 40.
a4 e5 41. Rf2 bxa4 42. Ra1 Bc6 43. Raf1 Ke6 44. Rc1 Nd4 45. Kf1 e4 46. Rc4 Bb5
{#R} 0-1